000 002740000a22001090004500
082 0 4 _aCD 084
245 1 0 _aDiccionario de biografías / dirección Gustavo de Elorza
260 _aBogotá : Zamora
650 1 4 _aBiografías \ Diccionarios \ Cd-rom
001 1708
942 _cLGB
999 _c48866
_d48866